书目信息 |
| 题名: |
古典音乐零距离
|
|
| 作者: | 解瑂 编著 | |
| 分册: | ||
| 出版信息: | 北京 社会科学文献 2008.04 |
|
| 页数: | 249页 | |
| 开本: | 21cm | |
| 丛书名: | ||
| 单 册: | ||
| 中图分类: | J609.1-49 | |
| 科图分类: | ||
| 主题词: | 音乐--艺术理论 , 音乐学 , 音乐社会学 | |
| 电子资源: | ||
| ISBN: | 978-7-5097-0108-9 | |
| 000 | 00570nam0 2200217 45 | |
| 005 | 20080918162014.51 | |
| 010 | @a978-7-5097-0108-9@dCNY35.00 | |
| 092 | @bLR | |
| 102 | @aCN@b110000 | |
| 200 | 1 | @a古典音乐零距离@Agu dian yin yue ling ju li@f解瑂 编著@Fjie mei bian zhu |
| 210 | @a北京@c社会科学文献@d2008.04 | |
| 215 | @a249页@d21cm | |
| 300 | @a(附盘) | |
| 606 | 0 | @a音乐@x艺术理论 |
| 606 | 0 | @a音乐学 |
| 606 | 0 | @a音乐社会学 |
| 690 | @aJ609.1-49@v4 | |
| 701 | 0 | @a解瑂@Ajie mei@4编著 |
| 801 | 0 | @c20080918 |
| 905 | @dJ609.1-49@eJ736@f5 | |
| 906 | @cLR@dCNY35.00@n0@r1 | |
| 古典音乐零距离/解瑂 编著.-北京:社会科学文献,2008.04 |
| 249页;21cm |
| (附盘) |
| ISBN 978-7-5097-0108-9:CNY35.00 |
| ● |
| 相关链接 |
|
|
|
正题名:古典音乐零距离
索取号:J609.1-49/J736
 
预约/预借
| 序号 | 登录号 | 条形码 | 馆藏地/架位号 | 状态 | 备注 |
| 1 | 677941 | 206779413 | 社科库309/309社科库 91排4列5层/ [索取号:J609.1-49/J736] | 在馆 | |
| 2 | 678069 | 206780697 | 社科库309/309社科库 91排4列5层/ [索取号:J609.1-49/J736] | 在馆 | |
| 3 | 678772 | 206787725 | 社科库309/309社科库 91排4列5层/ [索取号:J609.1-49/J736] | 在馆 |